000
00282nam a22001337a 4500
008
180118b xxu||||| |||| 00| 0 eng d
020
_a
9780673350077
041
_a
eng
080
_a
91
100
_a
42
101
_a
GEO
245
_a
WORLD GEOGRAPHY
_c
SCOTT.F
942
_2
udc
_c
BK
999
_c
40515
_d
40515